000 00501cam a22001934a 4500
005 20250605163449.0
008 250528s ||||||||||||||||||||||||d
035 _a19757
020 _a9608552613
040 _aGR-AtMCL
_bgre
_dGR-AtMCL
_eAACR2
245 1 _aΕΦΑΡΜΟΓΕΣ ΧΡΗΜΑΤΟΟΙΚΟΝΟΜΙΚΗΣ ΛΟΓΙΣΤΙΚΗΣ
250 _a1
260 _c1994
300 _a174
700 1 _aΝαουμ Χρηστος Βας
942 _cBK
999 _c5013
_d5013